Hey Bulldog Lyrics - The Beatles - Statistics

General Stats
  • This quiz has been taken 20 times
  • The average score is 145 of 212
Answer Stats
Answer % Correct
I
94%
a
88%
it
88%
it,
88%
it!
88%
me
88%
me,
88%
the
88%
you
88%
You
88%
your
88%
can
82%
do
82%
Hey!
82%
Hey,
82%
If
82%
in
82%
In
82%
is
82%
Owwwww,
82%
Some
82%
Standing
82%
to
82%
you're
82%
again
76%
Bullfrog
76%
Doin'
76%
ha
76%
ha!
76%
Ha
76%
kind
76%
know
76%
lonely,
76%
of
76%
out
76%
talk
76%
but
71%
got
71%
have
71%
haven't
71%
measured
71%
miles
71%
rain
71%
think
71%
What
71%
what
71%
when
71%
bulldog!
65%
clue
65%
don't
65%
Don't
65%
happiness
65%
it's
65%
like
65%
makes
65%
Sheepdog
65%
dark
59%
hands
59%
Jackknife
59%
listen
59%
No
59%
one
59%
something
59%
special
59%
sweaty
59%
years
59%
fears
53%
man
53%
man?
53%
man,
53%
park
53%
smile?
53%
understands
53%
Walking
53%
Big
47%
Childlike
47%
Frightened
47%
solitude
47%
Wigwam
47%
innocence
41%
say?
41%
that,
41%
(Yeah?)
35%
at
29%
boy?
29%
boy,
29%
look
29%
woo!
29%
woof,
29%
woof
29%
Woof
29%
Woof!
29%
"Woof!"
29%
Ah
24%
anymore?
24%
ho!
24%
only
24%
said,
24%
ten
24%
that's
24%
That's
24%
What's
24%
You've
24%
children
18%
Quiet,
18%
quiet!
18%
Quiet!
18%
Wooaah
18%
had
12%
Okay
12%
No matching quizzes found
Score Distribution
Percent of People with Each Score
Percentile by Number Answered
Your Score History
You have not taken this quiz